Catalog

Record Details

Catalog Search



Available copies

  • 1 of 1 copy available at LARL/NWRL Consortium.
  • 1 of 1 copy available at Lake Agassiz Regional Library. (Show preferred library)

Current holds

0 current holds with 1 total copy.

Show Only Available Copies
Location Call Number / Copy Notes Barcode Shelving Location Status Due Date
McIntosh Public Library Y SAI (Text) 33500014167225 Main Available -

Record details

  • ISBN: 9780593625484
  • ISBN: 059362548X
  • Physical Description: 342 pages ; 22 cm
  • Publisher: New York : G.P. Putnam's Sons, 2025.

Content descriptions

Summary, etc.:
"The past three years have been tough for ... Read More
Target Audience Note:
Ages 14 years and up. G.P. Putnam's Sons.
Subject: Hiking > Juvenile fiction.
Magic > Juvenile fiction.
Missing persons > Juvenile fiction.
Ability > Juvenile fiction.
Bones > Juvenile fiction.
Murder victims > Juvenile fiction.
Ozark (Ark.) > Juvenile fiction.
Hiking > Fiction.
Magic > Fiction.
Missing persons > Fiction.
Ability > Fiction.
Bones > Fiction.
Ozark (Ark.) > Fiction.
Mystery and detective stories.
YOUNG ADULT FICTION / Romance / Paranormal.
YOUNG ADULT FICTION / Thrillers & Suspense / Supernatural.
YOUNG ADULT FICTION / Horror.
Genre: Young adult fiction.
Horror fiction.
Detective and mystery fiction.
Paranormal fiction.
Novels.
LDR 04388cam a22008058i 4500
001452874
003LARL_NWRL_CONSORTIUM
00520250312163153.0
008241007t20252025nyu d 000 1 eng
010 . ‡a 2024040127
040 . ‡aDLC ‡beng ‡erda ‡cDLC ‡dOCLCO ‡dIG# ‡dCHILD ‡dOCLCO ‡dRNL ‡dJAS ‡dOCLCO ‡dIVJ ‡dOCO ‡dOCLCO ‡dSDD
019 . ‡a1477792510
020 . ‡a9780593625484 ‡q(hardcover)
020 . ‡a059362548X ‡q(hardcover)
020 . ‡z9780593625491 ‡q(epub)
035 . ‡a(OCoLC)1440029359 ‡z(OCoLC)1477792510
042 . ‡apcc
043 . ‡an-us-ar
08200. ‡a[Fic] ‡223
1001 . ‡aSain, Ginny Myers, ‡eauthor. ‡1https://id.oclc.org/worldcat/entity/E39PCjGJcm93QyBGqdrghMCD9C
24510. ‡aWhen the bones sing / ‡cGinny Myers Sain.
264 1. ‡aNew York : ‡bG.P. Putnam's Sons, ‡c2025.
264 4. ‡c©2025
300 . ‡a342 pages ; ‡c22 cm
336 . ‡atext ‡btxt ‡2rdacontent
337 . ‡aunmediated ‡bn ‡2rdamedia
338 . ‡avolume ‡bnc ‡2rdacarrier
385 . ‡nage ‡aTeenagers ‡0(DLC)dg2015060011 ‡2lcdgt
520 . ‡a"The past three years have been tough for Lucifer's Creek, Arkansas, a small town quietly tucked away in the Ozark mountains. More than two dozen people have disappeared on the local hiking trails; there one moment, gone the next, not a trace left behind, until their buried bodies are discovered. 17-year-old Dovie doesn't believe in magic even though she comes from a long line of women who can hear the bones of the dead sing, and for the past few years the bones have been crooning nonstop, calling out to Dovie to dig them up. Some of the old-timers believe that it's the monstrous Ozarks howler snatching people off the Aux Arc Trail. Well Dovie doesn't believe in the howler, and she doesn't believe her best friend Lo when he tells her he is being haunted by dark shadows. All she believes in is her talent that guides the local sheriff to the bones when they begin their song, then reuniting the dead with their families to give them some peace. Lo doesn't know peace, though. The shadows follow him everywhere. He soon learns they're the murdered hikers and they want answers. But the truth of their deaths isn't buried with their bones; it's hidden somewhere deep in the hills. And Lo and Dovie must unearth it before anyone else is killed." -- ‡cProvided by publisher.
521 . ‡aAges 14 years and up. ‡bG.P. Putnam's Sons.
650 0. ‡aHiking ‡vJuvenile fiction.
650 0. ‡aMagic ‡vJuvenile fiction. ‡0(LARL_NWRL_CONSORTIUM)165990
650 0. ‡aMissing persons ‡vJuvenile fiction. ‡0(LARL_NWRL_CONSORTIUM)173418
650 0. ‡aAbility ‡vJuvenile fiction.
650 0. ‡aBones ‡vJuvenile fiction.
650 0. ‡aMurder victims ‡vJuvenile fiction.
651 0. ‡aOzark (Ark.) ‡vJuvenile fiction.
650 1. ‡aHiking ‡vFiction.
650 1. ‡aMagic ‡vFiction. ‡0(LARL_NWRL_CONSORTIUM)165984
650 1. ‡aMissing persons ‡vFiction. ‡0(LARL_NWRL_CONSORTIUM)165976
650 1. ‡aAbility ‡vFiction.
650 1. ‡aBones ‡vFiction.
651 1. ‡aOzark (Ark.) ‡vFiction.
650 1. ‡aMystery and detective stories. ‡0(LARL_NWRL_CONSORTIUM)176113
650 7. ‡aYOUNG ADULT FICTION / Romance / Paranormal. ‡2bisacsh
650 7. ‡aYOUNG ADULT FICTION / Thrillers & Suspense / Supernatural. ‡2bisacsh
650 7. ‡aYOUNG ADULT FICTION / Horror. ‡2bisacsh
653 . ‡aHORROR ‡aROMANTIC NOVELS ‡aYOUNG ADULT ROMANCE ‡aCREEPY
655 0. ‡aYoung adult fiction.
655 7. ‡aHorror fiction. ‡2lcgft
655 7. ‡aDetective and mystery fiction. ‡2lcgft
655 7. ‡aParanormal fiction. ‡2lcgft
655 7. ‡aNovels. ‡2lcgft
77608. ‡iOnline version: ‡aSain, Ginny Myers. ‡tWhen the bones sing ‡dNew York : G.P. Putnam's Sons, 2025 ‡z9780593625491 ‡w(DLC) 2024040128
901 . ‡a452874 ‡bOCoLC ‡c452874 ‡tbiblio ‡soclc

Additional Resources